000
00335 a2200145 4500
999
_c
10479
_d
10479
003
OSt
005
20220412191612.0
008
220412b ||||| |||| 00| 0 eng d
020
_a
9789812453846
082
_a
741.6
100
_a
Bhaskaran, Lakshmi
245
_a
What is publication design?
260
_b
Page One
_c
2007
942
_2
ddc